000 01137 a2200253 4500
003 Nust
005 20220729170049.0
010 _a 2004057924
020 _a0071409874 (alk. paper)
040 _cNust
082 0 0 _a384.54524,MAI
100 1 _aMaitra, Amit K.,
_995814
245 1 0 _aWireless spectrum management /
_cAmit K. Maitra.
260 _aNew York :
_bMcGraw-Hill,
_c2004.
300 _a373 p. :
_bill. ;
_c24 cm.
440 0 _aMcGraw-Hill professional engineering.
_93451
505 _aIntroduction (Page-1), Definitions (Page-11), Physical Characteristics (Page-35),Applications (Page-89), Spectrum Management (Page-167), Management Process (Page-245), Observations on the National and Worldwide (Page-305).
650 0 _aRadio frequency allocation.
_995815
650 0 _aWireless communication systems.
_9594
856 4 2 _3Contributor biographical information
_uhttp://www.loc.gov/catdir/bios/mh051/2004057924.html
856 4 2 _3Publisher description
_uhttp://www.loc.gov/catdir/description/mh051/2004057924.html
856 4 2 _3Table of contents
_uhttp://www.loc.gov/catdir/toc/mh051/2004057924.html
942 _cREF
_2ddc
999 _c174918
_d174918